世界の首都 - Statistics

General Stats
  • This quiz has been taken 2,310 times
  • The average score is 80 of 201
Answer Stats
国名 首都名 % Correct
イギリス ロンドン
92%
イタリア ローマ
90%
フランス パリ
88%
日本国 東京
87%
ロシア モスクワ
87%
大韓民国 ソウル
86%
中華人民共和国 北京
86%
ドイツ ベルリン
86%
アメリカ合衆国 ワシントンD.C.
86%
ギリシャ アテネ
83%
オーストリア ウィーン
82%
スペイン マドリード
82%
朝鮮民主主義人民共和国 平壌
82%
ウクライナ キーウ
81%
メキシコ メキシコシティ
80%
バチカン市国 バチカン
79%
カナダ オタワ
78%
オランダ アムステルダム
77%
タイ バンコク
77%
インド ニューデリー
76%
ブラジル ブラジリア
76%
ノルウェー オスロ
75%
シンガポール シンガポール
74%
エジプト カイロ
73%
オーストラリア キャンベラ
73%
スウェーデン ストックホルム
72%
ポーランド ワルシャワ
72%
ポルトガル リスボン
72%
アイスランド レイキャビク
71%
サンマリノ サンマリノ
71%
デンマーク コペンハーゲン
71%
フィンランド ヘルシンキ
71%
モナコ モナコ
71%
インドネシア ジャカルタ
70%
中華民国 台北
70%
フィリピン マニラ
69%
トルコ アンカラ
68%
ベトナム ハノイ
68%
アイルランド ダブリン
67%
ベルギー ブリュッセル
67%
ルクセンブルク ルクセンブルク
67%
スイス ベルン
66%
モンゴル ウランバートル
66%
マレーシア クアラルンプール
65%
イラン テヘラン
64%
チェコ プラハ
64%
アルゼンチン ブエノスアイレス
63%
イスラエル エルサレム
63%
スリランカ スリジャヤワルダナプラコッテ
63%
ハンガリー ブダペスト
63%
アルジェリア アルジェ
60%
イラク バグダッド
60%
サウジアラビア リヤド
58%
カタール ドーハ
57%
オマーン マスカット
56%
バングラデシュ ダッカ
56%
アラブ首長国連邦 アブダビ
55%
ブルガリア ソフィア
54%
ルーマニア ブカレスト
54%
カンボジア プノンペン
53%
ボスニア・ヘルツェゴビナ サラエボ
53%
ペルー リマ
52%
アゼルバイジャン バクー
51%
ニュージーランド ウェリントン
51%
クウェート クウェート
50%
ケニア ナイロビ
50%
チリ サンティアゴ
50%
パキスタン イスラマバード
50%
パナマ パナマシティ
50%
南アフリカ(立法) ケープタウン
49%
ミャンマー ネピドー
49%
エストニア タリン
47%
エクアドル キト
46%
ネパール カトマンズ
46%
ラトビア リガ
46%
アフガニスタン カブール
45%
セルビア ベオグラード
45%
チュニジア チュニス
45%
ベラルーシ ミンスク
45%
ヨルダン アンマン
45%
アンドラ アンドララベリャ
44%
シリア ダマスカス
44%
エルサルバドル サンサルバドル
43%
ウルグアイ モンテビデオ
42%
ウズベキスタン タシケント
41%
キューバ ハバナ
41%
チャド ンジャメナ
41%
カザフスタン アスタナ
40%
レバノン ベイルート
40%
エチオピア アディスアベバ
39%
クロアチア ザグレブ
39%
南アフリカ(行政) プレトリア
39%
ラオス ビエンチャン
39%
グアテマラ グアテマラシティ
38%
コンゴ民主共和国 キンシャサ
37%
アルバニア ティラナ
35%
スロバキア ブラチスラバ
35%
スロベニア リュブリャナ
35%
ボリビア(事実上) ラパス
34%
モルディブ マレ
34%
ジャマイカ キングストン
33%
東ティモール ディリ
33%
ブータン ティンプー
33%
マダガスカル アンタナナリボ
33%
マルタ バレッタ
33%
リトアニア ビリニュス
33%
北マケドニア スコピエ
32%
コロンビア ボゴタ
32%
ジブチ ジブチ
32%
ベネズエラ カラカス
32%
リヒテンシュタイン ファドーツ
32%
ジョージア トビリシ
31%
ナイジェリア アブジャ
31%
パプアニューギニア ポートモレスビー
30%
キプロス ニコシア
29%
サントメ・プリンシペ サントメ
29%
パラグアイ アスンシオン
29%
アルメニア エレバン
28%
シエラレオネ フリータウン
28%
モルドバ キシナウ
28%
アンゴラ ルアンダ
27%
トルクメニスタン アシガバート
27%
ブルネイ バンダルスリブガワン
27%
キルギス ビシュケク
26%
スーダン ハルツーム
26%
モロッコ ラバト
26%
リビア トリポリ
26%
ガイアナ ジョージタウン
25%
ギニアビサウ ビサウ
25%
パラオ マルキョク
25%
イエメン サナア
24%
ドミニカ共和国 サントドミンゴ
24%
バーレーン マナーマ
24%
ガーナ アクラ
23%
コソボ プリシュティナ
23%
トリニダード・トバゴ ポートオブスペイン
23%
コスタリカ サンホセ
22%
タジキスタン ドゥシャンベ
22%
ハイチ ポルトープランス
22%
モーリタニア ヌアクショット
22%
コンゴ共和国 ブラザビル
21%
セントビンセントおよびグレナディーン諸島 キングスタウン
21%
南スーダン ジュバ
21%
セネガル ダカール
20%
バハマ ナッソー
20%
モンテネグロ ポドゴリツァ
20%
フィジー スバ
19%
アンティグア・バーブーダ セントジョンズ
18%
コートジボワール ヤムスクロ
18%
コモロ モロニ
18%
ツバル フナフティ
18%
トンガ ヌクアロファ
18%
ルワンダ キガリ
18%
カメルーン ヤウンデ
17%
ソマリア モガディシュ
17%
ベリーズ ベルモパン
17%
ボリビア(憲法上) スクレ
17%
南アフリカ(司法) ブルームフォンテーン
17%
グレナダ セントジョージズ
16%
タンザニア ドドマ
16%
中央アフリカ バンギ
16%
トーゴ ロメ
16%
ナウル ヤレン
16%
ニジェール ニアメ
16%
リベリア モンロビア
16%
レソト マセル
16%
ウガンダ カンパラ
15%
エスワティニ ムババーネ
15%
サモア アピア
15%
セーシェル ビクトリア
15%
ナミビア ウィントフック
15%
ニカラグア マナグア
15%
ホンジュラス テグシガルパ
15%
ジンバブエ ハラレ
14%
スリナム パラマリボ
14%
ドミニカ国 ロゾー
14%
ブルキナファソ ワガドゥグー
14%
エリトリア アスマラ
13%
ギニア コナクリ
13%
バヌアツ ポートビラ
13%
バルバドス ブリッジタウン
13%
マリ バマコ
13%
モザンビーク マプート
13%
キリバス タラワ
12%
ザンビア ルサカ
12%
ミクロネシア連邦 パリキール
12%
ガンビア バンジュール
11%
ボツワナ ハボローネ
11%
マラウイ リロングウェ
11%
モーリシャス ポートルイス
11%
カーボベルデ プライア
10%
ガボン リーブルビル
10%
セントルシア カストリーズ
10%
ソロモン諸島 ホニアラ
10%
ブルンジ(経済) ブジュンブラ
10%
ベナン(憲法上) ポルトノボ
10%
マーシャル諸島 マジュロ
10%
赤道ギニア マラボ
9%
セントクリストファー・ネイビス バセテール
8%
ブルンジ(政治) ギテガ
6%
ベナン(事実上) コトヌー
5%
No matching quizzes found
Score Distribution
Percent of People with Each Score
Percentile by Number Answered
Your Score History
You have not taken this quiz